| 000 | 00829nam a2200265 i 4500 | ||
|---|---|---|---|
| 001 | C2-0240265 | ||
| 003 | PPAK | ||
| 005 | 20210608214747.0 | ||
| 008 | 020721s1962 my |||e ||||| | may d | ||
| 020 | _qpaperback | ||
| 040 |
_aPPAK _beng _cPPAK _erda |
||
| 082 | 0 | 4 |
_a499.186 _223 |
| 090 | 0 | 0 |
_a499.186 _bEMB _dKAM |
| 100 | 0 |
_aEmbong b. Yahya, _eauthor. |
|
| 245 | 1 | 0 |
_aPelajaran Bahasa Kebangsaan Buku 2 : _bbagi murid-murid darjah dua / _cEmbong b. Yahya |
| 264 | 1 |
_aKuala Lumpur : _bDewan Bahasa dan Pustaka , _c1962 |
|
| 300 |
_a78 pages ; _c18 cm |
||
| 336 |
_2rdacontent _atext |
||
| 337 |
_2rdamedia _aunmediated |
||
| 338 |
_2rdacarrier _avolume |
||
| 490 | 1 |
_aSiri buku-buku sekolah DBP _vBil. 50 |
|
| 650 | 1 | 0 |
_aMalay language _xReaders |
| 830 | 0 |
_aSiri buku-buku sekolah DBP _n Bil. 50 |
|
| 942 |
_cB _2ddc |
||
| 999 |
_c55485 _d55485 |
||